<?xml version="1.0" encoding="UTF-8"?><?xml-stylesheet type="text/xsl" href="static/style.xsl"?><OAI-PMH xmlns="http://www.openarchives.org/OAI/2.0/" xmlns:xsi="http://www.w3.org/2001/XMLSchema-instance" xsi:schemaLocation="http://www.openarchives.org/OAI/2.0/ http://www.openarchives.org/OAI/2.0/OAI-PMH.xsd"><responseDate>2026-06-02T11:57:41Z</responseDate><request verb="GetRecord" identifier="oai:riuma.uma.es:10630/34598" metadataPrefix="marc">https://riuma.uma.es/rest/oai/request</request><GetRecord><record><header><identifier>oai:riuma.uma.es:10630/34598</identifier><datestamp>2026-02-03T10:15:05Z</datestamp><setSpec>com_10630_1685</setSpec><setSpec>col_10630_38083</setSpec></header><metadata><record xmlns="http://www.loc.gov/MARC21/slim" xmlns:dcterms="http://purl.org/dc/terms/" xmlns:doc="http://www.lyncode.com/xoai" xmlns:xsi="http://www.w3.org/2001/XMLSchema-instance" xsi:schemaLocation="http://www.loc.gov/MARC21/slim http://www.loc.gov/standards/marcxml/schema/MARC21slim.xsd">
   <leader>00925njm 22002777a 4500</leader>
   <datafield ind2=" " ind1=" " tag="042">
      <subfield code="a">dc</subfield>
   </datafield>
   <datafield ind2=" " ind1=" " tag="720">
      <subfield code="a">Ortiz-Martín, Inmaculada</subfield>
      <subfield code="e">author</subfield>
   </datafield>
   <datafield ind2=" " ind1=" " tag="720">
      <subfield code="a">Crespo-Gómez, José Ignacio</subfield>
      <subfield code="e">author</subfield>
   </datafield>
   <datafield ind2=" " ind1=" " tag="720">
      <subfield code="a">Lupión-Cobos, Teresa</subfield>
      <subfield code="e">author</subfield>
   </datafield>
   <datafield ind2=" " ind1=" " tag="260">
      <subfield code="c">2024</subfield>
   </datafield>
   <datafield ind2=" " ind1=" " tag="520">
      <subfield code="a">Propuesta "Exploramos Nuestros Orígenes: ¿Cómo podemos descifrar las claves de la evolución humana mediante una indagación STEM?", perteneciente al proyecto 33: Encic- Indagación científica en las aulas de secundaria, desarrollado en el marco del proyecto ScienceIES de colaboración de las Universidades con institutos de secundaria. Se presenta el diseño y la implementación de una secuencia didáctica sobre evolución humana con el propósito de que el alumnado dé respuesta a la siguiente pregunta de investigación: ¿Cómo podemos utilizar las secuencias de ADN para comprender la historia evolutiva de los seres humanos? Para ello, el estudiantado realiza la extracción de DNA de restos fósiles (simulación a partir de material vegetal), recogidos en un yacimiento arqueológico ficticio. A continuación, identifica las secuencias de DNA correspondientes a dichos restos para realizar un estudio filogenético molecular. Finalmente, elaboran una comunicación tipo póster para difundir los resultados obtenidos en un congreso.</subfield>
   </datafield>
   <datafield ind1="8" ind2=" " tag="024">
      <subfield code="a">Ortiz-Martín I, Crespo-Gómez J.I. y Lupión-Cobos T. (2024). Propuesta didáctica ScienceIES 2024. “Exploramos Nuestros Orígenes: ¿Cómo podemos descifrar las claves de la evolución humana mediante una indagación STEM?”</subfield>
   </datafield>
   <datafield ind1="8" ind2=" " tag="024">
      <subfield code="a">https://hdl.handle.net/10630/34598</subfield>
   </datafield>
   <datafield tag="653" ind2=" " ind1=" ">
      <subfield code="a">Evolución Humana - Estudio y enseñanza</subfield>
   </datafield>
   <datafield ind2="0" ind1="0" tag="245">
      <subfield code="a">Propuesta didáctica ScienceIES 2024. “Exploramos Nuestros Orígenes: ¿Cómo podemos descifrar las claves de la evolución humana mediante una indagación STEM?”</subfield>
   </datafield>
</record>
</metadata></record></GetRecord></OAI-PMH>